00421 2200181 4500001002100000005001500021035002000036008004100056245003100097100001600128250000600144260002900150300001200179084001400191082000800205650001400213990001200227INLIS00000000000007020240502103740 a0010-0424000046240502 0 ind 1 aGeografi XII /cAji Arifin aArifin, Aji a1 aSolo :bMediatama,c2006 a244 hlm a900 AJI g a900 4aNon Fiksi a0737310